My dear Timothy, (Record no. 5011)
[ view plain ]
| 000 -LEADER | |
|---|---|
| fixed length control field | 00423cam a2200145u 4500 |
| 005 - DATE AND TIME OF LATEST TRANSACTION | |
| control field | 20250901165514.0 |
| 008 - FIXED-LENGTH DATA ELEMENTS--GENERAL INFORMATION | |
| fixed length control field | 830210s1952 enka 000 0aeng |
| 010 ## - LIBRARY OF CONGRESS CONTROL NUMBER | |
| LC control number | 53023322 |
| 050 00 - LIBRARY OF CONGRESS CALL NUMBER | |
| Classification number | DS 135.E6 G63 1952 |
| Item number | G63 1952 |
| 100 1# - MAIN ENTRY--PERSONAL NAME | |
| Personal name | Gollancz, Victor, |
| Dates associated with a name | 1893-1967. |
| 245 10 - TITLE STATEMENT | |
| Title | My dear Timothy, |
| Statement of responsibility, etc. | an autobiographical letter to his grandson, |
| 260 ## - PUBLICATION, DISTRIBUTION, ETC. | |
| Place of publication, distribution, etc. | London, |
| Date of publication, distribution, etc. | 1952. |
| 300 ## - PHYSICAL DESCRIPTION | |
| Extent | 439 p. |
| Other physical details | illus. |
| Dimensions | 23 cm. |
| 942 ## - ADDED ENTRY ELEMENTS (KOHA) | |
| Source of classification or shelving scheme | Dewey Decimal Classification |
| Withdrawn status | Lost status | Source of classification or shelving scheme | Damaged status | Not for loan | Home library | Current library | Shelving location | Date acquired | Total checkouts | Full call number | Barcode | Date last seen | Price effective from | Koha item type |
|---|---|---|---|---|---|---|---|---|---|---|---|---|---|---|
| Library of Congress Classification | Main Library | Main Library | 05/17/2021 | DS 135.E6 G63 1952 | PIU0009369 | 05/17/2021 | 05/17/2021 | Books |